000 00689nam a2200289Ia 4500
005 20260324131456.0
008 008 260324s9999 xx 000 0 eng d
020 _a9781315083384
037 _aEBOOK
040 _aCRL
040 _beng
040 _cCRL
041 _2eng
041 _aeng
084 _qCRL
100 _aMichael Kammen
_91185654
245 2 _aA Machine That Would Go of Itself
245 4 _bThe Constitution in American Culture
260 _bTaylor and Francis
260 _c2006
365 _a
365 _b230
856 _uhttp://www.taylorfrancis.com/books/9781315083384
942 _cEBOOK
999 _c1782834
_d1782834